<?xml version="1.0" encoding="UTF-8"?>
<collection xmlns="http://www.loc.gov/MARC21/slim">
 <record>
  <leader>00595pamaa2200169   4500</leader>
  <controlfield tag="001">0000028269</controlfield>
  <controlfield tag="005">20110126090000.0</controlfield>
  <datafield tag="020" ind1="0" ind2="0">
   <subfield code="a">[ nil ] </subfield>
  </datafield>
  <datafield tag="090" ind1="0" ind2="0">
   <subfield code="a">TK145 </subfield>
   <subfield code="b">TAN 2002</subfield>
  </datafield>
  <datafield tag="100" ind1="1" ind2="0">
   <subfield code="a">TAN FENT FENT </subfield>
  </datafield>
  <datafield tag="245" ind1="1" ind2="0">
   <subfield code="a">Multiple-user intercom by Tan Fent Fent. 2. Multipurpose curcuit for telephone by Chia Yu Xun. #. Multipurpose electronic gudget by Hon Kai Mun.</subfield>
  </datafield>
  <datafield tag="260" ind1="0" ind2="0">
   <subfield code="a">Nilai: </subfield>
   <subfield code="b">INTI College Malaysia, </subfield>
   <subfield code="c">December 2002.</subfield>
  </datafield>
  <datafield tag="300" ind1=" " ind2=" ">
   <subfield code="a">Numbers 33-35.</subfield>
  </datafield>
  <datafield tag="440" ind1="0" ind2="0">
   <subfield code="a">Diploma in Electronic and Electrical Engineering</subfield>
  </datafield>
  <datafield tag="650" ind1="0" ind2="0">
   <subfield code="a">Project paper -- </subfield>
   <subfield code="x">Engineering </subfield>
  </datafield>
  <datafield tag="700" ind1="1" ind2="1">
   <subfield code="a">CHIA YU XUN </subfield>
  </datafield>
  <datafield tag="700" ind1="1" ind2="1">
   <subfield code="a">Hon Kai Mun </subfield>
  </datafield>
 </record>
</collection>
